[Event "Østlandsserien 2005/2006, 1. div"]
[Site "Ås, Akershus NOR"]
[Date "2006.01.15"]
[Round "5"]
[White "Hagesæther, Ellen"]
[Black "Ekeberg, Carl Fredrik"]
[Result "1/2-1/2"]
[WhiteElo "2202"]
[BlackElo "2272"]
[PlyCount "60"]
[EventDate "2005.11.05"]

1. g3 c5 2. d3 Nc6 3. Bg2 g6 4. e4 Bg7 5. f4 e6 6. Nf3 Nge7 7. O-O O-O 8. c3 d5
9. Be3 b6 10. Bf2 dxe4 11. dxe4 Ba6 12. Re1 Qxd1 13. Rxd1 Rad8 14. Na3 Na5 15.
e5 h6 16. b4 cxb4 17. cxb4 Nc4 18. Rxd8 Rxd8 19. b5 Nxa3 20. bxa6 Rc8 21. Nd2
Nd5 22. Ne4 Rc6 23. Rd1 Nb5 24. Bf1 Nbc7 25. Nd6 Bf8 26. Nc8 b5 27. Nxa7 Rxa6
28. Rd2 Ra5 29. Rb2 b4 30. Nc6 Ra3 1/2-1/2

[Event "Østlandsserien 2005/2006, 1. div"]
[Site "Ås, Akershus NOR"]
[Date "2006.01.15"]
[Round "5"]
[White "Sahl, Sheila B"]
[Black "Andersen, Alf Roger"]
[Result "1/2-1/2"]
[WhiteElo "2159"]
[BlackElo "2239"]
[PlyCount "148"]
[EventDate "2005.11.05"]

1. e4 c5 2. Nf3 d6 3. d4 cxd4 4. Nxd4 Nf6 5. Nc3 Nc6 6. f4 g6 7. Nf3 Bg7 8. Bd3
O-O 9. O-O Bd7 10. Kh1 Rc8 11. Be3 a6 12. Qe1 Qa5 13. Rd1 Rfd8 14. a3 e6 15.
Qh4 Qh5 16. Qxh5 Nxh5 17. g4 Bxc3 18. bxc3 Nf6 19. Bb6 Re8 20. h3 Kg7 21. Rg1
e5 22. f5 h6 23. Nd2 Ne7 24. c4 Rc6 25. Rb1 Rcc8 26. Rbf1 g5 27. Kh2 Bc6 28.
Re1 Nd7 29. Be3 f6 30. Nb3 b6 31. Rb1 Rb8 32. Rb2 Rb7 33. Kg3 Reb8 34. Rgb1 Nc5
35. Kf3 Na4 36. Ra2 Nc3 37. Raa1 Nxb1 38. Rxb1 a5 39. Rd1 Kf8 40. Nc1 Nc8 41.
Bd2 Rh7 42. h4 Rc7 43. Ne2 Bb7 44. Nc3 Kf7 45. h5 Ba6 46. Nd5 Rc6 47. Ne3 Rc7
48. a4 Ne7 49. Rb1 Nc6 50. c3 Ne7 51. Be2 Nc8 52. Nd5 Rc6 53. Ne3 Rb7 54. Bd3
Ne7 55. Ke2 Rc8 56. Be1 Ke8 57. Kd2 Kd7 58. Kc2 Rbb8 59. Bd2 Kc7 60. Bc1 Bb7
61. Nd5+ Nxd5 62. cxd5 Ra8 63. Ba3 Rd8 64. Bb5 Ba6 65. Bxa6 Rxa6 66. Kd3 Raa8
67. c4 Rab8 68. Rc1 Rdc8 69. Rc3 Kd7 70. Rc2 Rc5 71. Rb2 Rcc8 72. Rc2 Rb7 73.
Rc3 Rbc7 74. Rc2 Rb7 1/2-1/2

[Event "Østlandsserien 2005/2006, 1. div"]
[Site "Ås, Akershus NOR"]
[Date "2006.01.15"]
[Round "5"]
[White "Gaasland, Glenn"]
[Black "Stokstad, Petter Glenne"]
[Result "0-1"]
[WhiteElo "1898"]
[BlackElo "2226"]
[PlyCount "62"]
[EventDate "2005.11.05"]

1. e4 c5 2. Nf3 Nc6 3. d4 cxd4 4. Nxd4 Nf6 5. Nc3 d6 6. Be2 e6 7. O-O Be7 8.
Be3 O-O 9. f4 a6 10. a4 Qc7 11. Nb3 b6 12. Kh1 Bb7 13. Bf3 Nb4 14. Qe2 d5 15.
Qf2 dxe4 16. Bxb6 Qxf4 17. Be3 Qc7 18. Bd1 Nfd5 19. Nxe4 Nxe3 20. Qxe3 Nxc2 21.
Bxc2 Qxc2 22. Nbd2 Bxe4 23. Nxe4 Qxb2 24. Rae1 Qe5 25. Qh3 Qa5 26. Ng3 Qxa4 27.
Re4 Qb5 28. Rg4 f5 29. Rgf4 a5 30. Re1 Ra6 31. Nh5 g6 0-1

[Event "Østlandsserien 2005/2006, 1. div"]
[Site "Ås, Akershus NOR"]
[Date "2006.01.15"]
[Round "5"]
[White "Gunnesdal, Lars"]
[Black "Næssvold, Kjell"]
[Result "1-0"]
[WhiteElo "2092"]
[BlackElo "2087"]
[PlyCount "77"]
[EventDate "2005.11.05"]

1. e4 c6 2. d3 d5 3. Nd2 e5 4. g3 Nf6 5. Bg2 Bd6 6. Ngf3 Bg4 7. h3 Bh5 8. O-O
O-O 9. Re1 Re8 10. c3 Nbd7 11. Qc2 Qc7 12. Nf1 dxe4 13. dxe4 a5 14. Nh4 a4 15.
Nf5 Bc5 16. Bg5 Bg6 17. N1e3 b5 18. Rad1 Nh5 19. Bf3 Nf8 20. Qe2 Ne6 21. Bh4
Nf6 22. Bxf6 gxf6 23. Ng4 Be7 24. Nfh6+ Kh8 25. h4 Bh5 26. Nxe5 fxe5 27. Bxh5
Nd8 28. Qg4 Qc8 29. Rxd8 Qxg4 30. Rxe8+ Rxe8 31. Bxg4 Kg7 32. Nf5+ Kf6 33. Nxe7
Rxe7 34. Rd1 c5 35. Rd6+ Kg7 36. Rd5 Rc7 37. Rxe5 b4 38. c4 a3 39. b3 1-0

[Event "Østlandsserien 2005/2006, 1. div"]
[Site "Ås, Akershus NOR"]
[Date "2006.01.15"]
[Round "5"]
[White "Larsen, Joakim"]
[Black "Strand, Kjetil"]
[Result "1-0"]
[WhiteElo "1725"]
[BlackElo "2081"]
[PlyCount "111"]
[EventDate "2005.11.05"]

1. e4 e5 2. Nf3 Nc6 3. Nc3 Nf6 4. d4 exd4 5. Nd5 Be7 6. Bf4 d6 7. Qd3 O-O 8.
Nxd4 Nxd5 9. exd5 Nxd4 10. Qxd4 Bf6 11. Qb4 Re8+ 12. Be3 Bg5 13. Qd4 Qe7 14.
Kd2 Bf6 15. Qc4 Bxb2 16. Re1 Bf5 17. Rb1 Qe5 18. Bd3 b5 19. Qb4 Qxd5 20. Qxb2
Bd7 21. Qb3 Qxg2 22. Rhg1 Qf3 23. Bxh7+ Kh8 24. Qc3 Re5 25. Rxg7 Bg4 26. Rxg4
Qxg4 27. Bd3 f6 28. Qxc7 Qg7 29. Qxg7+ Kxg7 30. Rxb5 Re7 31. Rd5 Rh8 32. Bf4
Rh4 33. Bxd6 Rb7 34. a3 Kf7 35. c4 Rb2+ 36. Ke3 Rb3 37. Rb5 Rh3+ 38. Bg3 Rxa3
39. Kd4 Rh8 40. Rb7+ Ke6 41. Be4 Rc8 42. Rb8 Rxb8 43. Bxb8 a5 44. Bd5+ Kd7 45.
c5 Ra1 46. c6+ Kc8 47. c7 Re1 48. Be4 Rc1 49. Bf5+ Kb7 50. c8=Q+ Rxc8 51. Bxc8+
Kxb8 52. Be6 Kc7 53. Ke4 Kd6 54. Kf5 Ke7 55. h4 a4 56. h5 1-0

[Event "Østlandsserien 2005/2006, 1. div"]
[Site "Strømmen, Akershus NOR"]
[Date "2006.02.11"]
[Round "6"]
[White "Ådnøy, Hallvard"]
[Black "Kirkebø, Carl Peter"]
[Result "1-0"]
[WhiteElo "2266"]
[BlackElo "2192"]
[PlyCount "69"]
[EventDate "2005.11.05"]

1. e4 c5 2. c3 Nf6 3. e5 Nd5 4. Bc4 Nb6 5. Bb3 c4 6. Bc2 Nc6 7. Qe2 g6 8. Na3
Bg7 9. Nf3 O-O 10. O-O Na5 11. b4 cxb3 12. axb3 d5 13. exd6 exd6 14. Re1 Be6
15. Qb5 Nd5 16. Rb1 a6 17. Qf1 Nc6 18. Nc4 Bg4 19. Be4 Nf6 20. h3 Nxe4 21. hxg4
Re8 22. Ne3 d5 23. c4 dxc4 24. bxc4 Nd4 25. Nxd4 Qxd4 26. Rxb7 Nxd2 27. Qe2
Nxc4 28. Rd1 Qe4 29. Rb4 Nxe3 30. Rxe4 Rxe4 31. Bxe3 a5 32. Qf3 Ree8 33. Rd7 f6
34. g5 a4 35. gxf6 1-0

[Event "Østlandsserien 2005/2006, 1. div"]
[Site "Strømmen, Akershus NOR"]
[Date "2006.02.11"]
[Round "6"]
[White "Lillevold, Frode"]
[Black "Hagesæther, Ellen"]
[Result "1/2-1/2"]
[WhiteElo "2038"]
[BlackElo "2202"]
[PlyCount "117"]
[EventDate "2005.11.05"]

1. d4 g6 2. c4 Nf6 3. Nc3 Bg7 4. e4 O-O 5. Be3 d6 6. f3 Nc6 7. Nge2 a6 8. Qd2
Rb8 9. O-O-O b5 10. Ng3 bxc4 11. Bxc4 e5 12. d5 Nd4 13. Nge2 Rb4 14. b3 Nd7 15.
Bh6 Bxh6 16. Qxh6 Nxe2+ 17. Nxe2 Nc5 18. g4 Qf6 19. Rdf1 a5 20. Ng3 Qf4+ 21.
Qxf4 exf4 22. Ne2 f5 23. gxf5 gxf5 24. Rhg1+ Kh8 25. Nxf4 fxe4 26. fxe4 Rxc4+
27. bxc4 Rxf4 28. Rxf4 Nd3+ 29. Kd2 Nxf4 30. Rf1 Ng6 31. Rf7 Bg4 32. Rxc7 Ne5
33. Ke3 h5 34. c5 dxc5 35. Rxc5 Kg7 36. Rc2 Kf6 37. Rf2+ Ke7 38. Kd4 Nf3+ 39.
Kc5 Ne5 40. Kd4 Nf3+ 41. Kc5 Ne5 42. Kb6 Kd6 43. Rf6+ Ke7 44. Rf4 Nd3 45. Rf1
Kd6 46. Kxa5 Nc5 47. Re1 Bf3 48. e5+ Kxd5 49. Kb5 Ne4 50. a4 Kxe5 51. a5 Kd6
52. Re3 Bg2 53. Kb6 Nf6 54. Ka7 h4 55. a6 h3 56. Rd3+ Kc7 57. Rc3+ Kd6 58. Rd3+
Kc7 59. Rc3+ 1/2-1/2

[Event "Østlandsserien 2005/2006, 1. div"]
[Site "Strømmen, Akershus NOR"]
[Date "2006.02.11"]
[Round "6"]
[White "Andersen, Alf Roger"]
[Black "Andersen, Jørgen"]
[Result "1/2-1/2"]
[WhiteElo "2239"]
[BlackElo "1906"]
[PlyCount "83"]
[EventDate "2005.11.05"]

1. e4 c6 2. d4 d5 3. Nc3 dxe4 4. Nxe4 Nf6 5. Nxf6+ gxf6 6. Nf3 Bg4 7. Be2 e6 8.
Bf4 Bd6 9. Qd2 Bxf4 10. Qxf4 Bxf3 11. Bxf3 Qa5+ 12. c3 Nd7 13. O-O O-O-O 14. g3
Qg5 15. Qxg5 fxg5 16. Bh5 Rhf8 17. f4 gxf4 18. Rxf4 f5 19. Re1 Nf6 20. Bd1 Rde8
21. c4 Kd7 22. b4 Ne4 23. Bc2 Nd6 24. Bd3 b6 25. Rf2 c5 26. dxc5 bxc5 27. Rd2
Kc6 28. Bc2 Re7 29. Ba4+ Kc7 30. Red1 Nxc4 31. Rc2 Nb6 32. Rxc5+ Kb8 33. Bb3 e5
34. a4 Rc8 35. a5 Rxc5 36. bxc5 Nd7 37. c6 Nc5 38. Bc4 Kc7 39. Rf1 Kxc6 40.
Rxf5 Nb7 41. a6 Nd6 42. Rf6 1/2-1/2

[Event "Østlandsserien 2005/2006, 1. div"]
[Site "Strømmen, Akershus NOR"]
[Date "2006.02.11"]
[Round "6"]
[White "Einvik, Gunnar"]
[Black "Solem, Trond"]
[Result "0-1"]
[WhiteElo "1896"]
[BlackElo "2132"]
[PlyCount "50"]
[EventDate "2005.11.05"]

1. e4 e6 2. d4 d5 3. Nc3 Bb4 4. exd5 exd5 5. Bd3 Nf6 6. Nge2 O-O 7. O-O c6 8.
Bf4 Nh5 9. a3 Be7 10. Qd2 Nxf4 11. Nxf4 Bd6 12. Nce2 Qg5 13. Rad1 Nd7 14. c4
dxc4 15. Bxc4 Nb6 16. Bb3 Bd7 17. d5 c5 18. g3 Rfe8 19. Kg2 Rac8 20. h4 Qh6 21.
f3 c4 22. Bc2 c3 23. bxc3 Nc4 24. Qd3 Ne3+ 25. Kg1 Bf5 0-1

[Event "Østlandsserien 2005/2006, 1. div"]
[Site "Strømmen, Akershus NOR"]
[Date "2006.02.11"]
[Round "6"]
[White "Semakoff, Aleks"]
[Black "Nilsen, Terje"]
[Result "1-0"]
[WhiteElo "2049"]
[BlackElo "1814"]
[PlyCount "57"]
[EventDate "2005.11.05"]

1. e4 g6 2. d4 Bg7 3. Nc3 c6 4. Be3 d5 5. Qd2 Qa5 6. exd5 cxd5 7. Bb5+ Kd8 8.
Nf3 Bd7 9. Be2 Nc6 10. O-O h5 11. a3 Nf6 12. b4 Qc7 13. Bf4 Qc8 14. Ne5 Ke8 15.
Bf3 e6 16. Nb5 Ke7 17. Nd6 Kxd6 18. Nxg6+ e5 19. dxe5+ Ke6 20. exf6 Kxf6 21.
Nxh8 Qxh8 22. Qxd5 Bf5 23. b5 Rd8 24. Qc5 Nd4 25. Be5+ Kg6 26. Bxg7 Nxf3+ 27.
gxf3 Qxg7 28. Kh1 Qf6 29. Rg1+ 1-0

[Event "Østlandsserien 2005/2006, 1. div"]
[Site "Strømmen, Akershus NOR"]
[Date "2006.02.11"]
[Round "6"]
[White "Nygaard, Eddy"]
[Black "Larsen, Joakim"]
[Result "0-1"]
[WhiteElo "1753"]
[BlackElo "1739"]
[PlyCount "70"]
[EventDate "2005.11.05"]

1. e4 c5 2. Nf3 Nc6 3. d4 cxd4 4. Nxd4 Nf6 5. Nc3 g6 6. Be3 Bg7 7. Be2 O-O 8.
O-O d5 9. exd5 Nxd5 10. Nxd5 Qxd5 11. Bf3 Qc4 12. Nxc6 bxc6 13. c3 e5 14. Qb3
Qa6 15. Rfd1 Be6 16. Qc2 Rfd8 17. b3 f5 18. Bg5 Re8 19. g3 h6 20. Be3 e4 21.
Be2 Qa5 22. Bd4 Rad8 23. Bxg7 Kxg7 24. b4 Qe5 25. Rd4 Rxd4 26. cxd4 Qxd4 27.
Rd1 Qxb4 28. Qxc6 Re7 29. Rd6 Bf7 30. h4 Qe1+ 31. Bf1 e3 32. fxe3 Qxg3+ 33. Bg2
Qe1+ 34. Bf1 Qxe3+ 35. Kh2 Qf2+ 0-1

[Event "Østlandsserien 2005/2006, 1. div"]
[Site "Ås, Akershus NOR"]
[Date "2006.02.12"]
[Round "7"]
[White "Leer-Salvesen, Bjarte"]
[Black "Ådnøy, Hallvard"]
[Result "1-0"]
[WhiteElo "2364"]
[BlackElo "2266"]
[PlyCount "159"]
[EventDate "2005.11.05"]

1. Nf3 Nf6 2. c4 c5 3. Nc3 b6 4. g3 Bb7 5. Bg2 e6 6. O-O Be7 7. Re1 O-O 8. e4
d6 9. d4 cxd4 10. Nxd4 Qc8 11. Be3 a6 12. Rc1 Nbd7 13. h3 Qb8 14. f4 Rc8 15. b3
Bf8 16. Qe2 Re8 17. Nc2 g6 18. g4 Qc7 19. Bf2 h6 20. e5 Bxg2 21. Kxg2 Nh7 22.
Bg3 dxe5 23. fxe5 Bg7 24. Kh2 b5 25. Nd4 bxc4 26. Na4 Nb6 27. Nxb6 Qxb6 28.
Rxc4 Rac8 29. h4 Rxc4 30. Qxc4 Rd8 31. Nf3 Qb7 32. Qe4 Qb5 33. Nd4 Qb6 34. Nf3
Nf8 35. Re2 Rd5 36. Nd2 Nd7 37. Nc4 Qc6 38. Ne3 Rc5 39. Qxc6 Rxc6 40. Nc4 Rc5
41. Kg2 a5 42. a4 Rd5 43. Be1 Nxe5 44. Nxa5 Nd3 45. Bd2 Rd4 46. Kh3 Nc5 47. Bc1
f5 48. gxf5 exf5 49. Nc6 Rd1 50. Re8+ Kh7 51. Bf4 Rd3+ 52. Re3 Rxb3 53. Rxb3
Nxb3 54. a5 Nd4 55. Nxd4 Bxd4 56. Bb8 h5 57. a6 g5 58. hxg5 Kg6 59. Bf4 Ba7 60.
Kg3 Bb6 61. Kf3 Ba7 62. Ke2 h4 63. Kf3 Kh5 64. Kg2 Kg6 65. Kh3 Kh5 66. Bd2 Bb6
67. Kg2 Ba7 68. Kf3 Kg6 69. Bc1 Bb8 70. Be3 Kh5 71. Kf2 Kg6 72. Kg2 Kh5 73. Kh3
f4 74. Bxf4 Ba7 75. Bd2 Bb6 76. Bc1 Ba7 77. Bf4 Bb6 78. Kg2 Kg6 79. Kf3 Kf5 80.
Be3 1-0

[Event "Østlandsserien 2005/2006, 1. div"]
[Site "Ås, Akershus NOR"]
[Date "2006.02.12"]
[Round "7"]
[White "Hagesæther, Ellen"]
[Black "Byklum, Bjørnar"]
[Result "0-1"]
[WhiteElo "2202"]
[BlackElo "2308"]
[PlyCount "120"]
[EventDate "2005.11.05"]

1. Nf3 d5 2. g3 c5 3. Bg2 Nc6 4. O-O e6 5. d3 g6 6. e4 Bg7 7. Nbd2 Nge7 8. Re1
b6 9. e5 Qc7 10. Qe2 h6 11. h4 a5 12. Nf1 Ba6 13. Bf4 c4 14. dxc4 Bxc4 15. Qd2
Nf5 16. c3 a4 17. Ne3 Nxe3 18. Qxe3 Rc8 19. Nd2 Na5 20. Nxc4 Nxc4 21. Qe2 O-O
22. Rac1 Qd7 23. Be3 Nxe5 24. Bxb6 Nc4 25. Be3 Rb8 26. Rc2 Rfc8 27. Rd1 Nxe3
28. Qxe3 Qc7 29. Rcd2 Rb7 30. h5 g5 31. Bh3 Rcb8 32. Qe2 Qe5 33. Re1 Qxe2 34.
Rexe2 a3 35. bxa3 Bxc3 36. Rd3 d4 37. f4 Rb2 38. Kf2 Rxe2+ 39. Kxe2 Rb2+ 40.
Kf3 Rh2 41. Bg2 g4+ 42. Kf2 Rxh5 43. Bc6 Kf8 44. a4 Ke7 45. Rd1 Kd6 46. Rh1 Rc5
47. Bb5 h5 48. Ke2 Ba5 49. Kd3 Kd5 50. Rxh5+ f5 51. Rh8 Rc3+ 52. Ke2 Rxg3 53.
Ra8 Re3+ 54. Kf1 Bc3 55. a5 Ke4 56. Kg2 d3 57. Rc8 Re2+ 58. Kf1 Re1+ 59. Kf2 d2
60. Rc4+ Bd4+ 0-1

[Event "Østlandsserien 2005/2006, 1. div"]
[Site "Ås, Akershus NOR"]
[Date "2006.02.12"]
[Round "7"]
[White "Harestad, Hans Krogh"]
[Black "Andersen, Alf Roger"]
[Result "1-0"]
[WhiteElo "2215"]
[BlackElo "2239"]
[PlyCount "76"]
[EventDate "2005.11.05"]

1. d4 f5 2. c4 Nf6 3. Nc3 g6 4. g3 Bg7 5. Bg2 d6 6. Nf3 O-O 7. O-O Qe8 8. d5 a5
9. Nd4 Na6 10. Bf4 Nc5 11. Qd2 Nfe4 12. Nxe4 Nxe4 13. Bxe4 fxe4 14. Nb5 Qf7 15.
Bh6 Bxh6 16. Qxh6 c6 17. Nc3 cxd5 18. cxd5 Bf5 19. Qe3 Rac8 20. Rad1 Qf6 21. a4
Rc4 22. Rd2 Qe5 23. Rfd1 Rb4 24. Kg2 Rc8 25. h3 h5 26. Qh6 Rf8 27. Qe3 Rc8 28.
Rh1 Rf8 29. g4 hxg4 30. hxg4 Bxg4 31. Rh4 Bf5 32. Rd1 Rxb2 33. Nb5 Rb4 34. Rdh1
Kf7 35. Nc7 Rg8 36. Rh7+ Rg7 37. Qa7 Rc4 38. Qb8 Rxc7 1-0

[Event "Østlandsserien 2005/2006, 1. div"]
[Site "Ås, Akershus NOR"]
[Date "2006.02.12"]
[Round "7"]
[White "Solem, Trond"]
[Black "Forberg, Anders"]
[Result "1-0"]
[WhiteElo "2132"]
[BlackElo "2008"]
[PlyCount "77"]
[EventDate "2005.11.05"]

1. d4 g6 2. c4 c5 3. Nf3 cxd4 4. Nxd4 Bg7 5. Nc3 Nc6 6. Nc2 Nf6 7. g3 O-O 8.
Bg2 d6 9. O-O Be6 10. b3 Qd7 11. Re1 Bh3 12. Bh1 Ng4 13. Qd2 Qf5 14. f3 Nge5
15. Ne3 Qh5 16. Ned5 Bd7 17. Bb2 g5 18. Bg2 Rad8 19. Ne4 h6 20. f4 f5 21. Nf2
Ng4 22. Nxg4 fxg4 23. Bxg7 Kxg7 24. e3 e5 25. b4 Qf7 26. b5 Ne7 27. Rf1 gxf4
28. exf4 Nf5 29. Qb2 Rde8 30. Rae1 b6 31. fxe5 dxe5 32. Rxe5 Kg6 33. Be4 Rxe5
34. Qxe5 Re8 35. Qf4 h5 36. Ne3 Qf6 37. Bxf5+ Bxf5 38. Nxf5 Qxf5 39. Qxf5+ 1-0

[Event "Østlandsserien 2005/2006, 1. div"]
[Site "Ås, Akershus NOR"]
[Date "2006.02.12"]
[Round "7"]
[White "Andreassen, Pål"]
[Black "Semakoff, Aleks"]
[Result "1-0"]
[WhiteElo "1971"]
[BlackElo "2049"]
[PlyCount "53"]
[EventDate "2005.11.05"]

1. e4 d5 2. exd5 Qxd5 3. Nc3 Qa5 4. Bc4 Nf6 5. d4 Bg4 6. Nf3 Nc6 7. Bd2 Qh5 8.
Bb5 O-O-O 9. Bxc6 bxc6 10. Qe2 Bxf3 11. gxf3 Rxd4 12. Qa6+ Kd7 13. O-O-O e6 14.
Be3 Rxd1+ 15. Rxd1+ Bd6 16. Na4 Qb5 17. Qxa7 Nd5 18. b3 Nxe3 19. fxe3 Ke7 20.
Qd4 Ra8 21. Nc3 Qf5 22. f4 e5 23. Qc4 Rd8 24. Kb2 exf4 25. Qxc6 fxe3 26. Rd3
Qe5 27. Rxe3 1-0

[Event "Østlandsserien 2005/2006, 1. div"]
[Site "Ås, Akershus NOR"]
[Date "2006.02.12"]
[Round "7"]
[White "Næssvold, Kjell"]
[Black "Vagle, Raymond"]
[Result "1-0"]
[WhiteElo "1897"]
[BlackElo "1893"]
[PlyCount "99"]
[EventDate "2005.11.05"]

1. e4 c5 2. Nf3 Nc6 3. d4 cxd4 4. Nxd4 e5 5. Nb5 d6 6. N1c3 a6 7. Na3 Be7 8.
Be3 Be6 9. Nd5 Bxd5 10. exd5 Nb8 11. Nc4 Nd7 12. Qd2 Ngf6 13. f3 O-O 14. Be2
Rc8 15. O-O Qc7 16. a4 b6 17. Rfd1 Qb7 18. Ra3 Nc5 19. Nxb6 Qxb6 20. b4 Nfd7
21. bxc5 Nxc5 22. c4 Rb8 23. Ra2 Rb7 24. Qc2 Rfb8 25. g3 a5 26. Kg2 Qc7 27. Bf2
Bf6 28. Be1 Nb3 29. Bc3 Qc5 30. Qe4 Nd4 31. Bd3 g6 32. h4 Rb3 33. Bxd4 exd4 34.
Rdd2 Bg7 35. h5 Qc7 36. Re2 R3b7 37. f4 Qd7 38. hxg6 hxg6 39. f5 Qxf5 40. Qe8+
Rxe8 41. Rxe8+ Kh7 42. Bxf5 gxf5 43. Rc8 d3 44. Rd2 Rb3 45. Rc6 Bh6 46. Rd1 d2
47. c5 dxc5 48. Rxc5 Rd3 49. Rxa5 Rc3 50. Kf2 1-0

[Event "Østlandsserien 2005/2006, 4. div. B"]
[Site "Lillehammer, Oppland NOR"]
[Date "2005.11.06"]
[Round "1"]
[White "Lea, Per"]
[Black "Lind, Synnøve"]
[Result "1-0"]
[WhiteElo "1645"]
[BlackElo "1072"]
[PlyCount "49"]
[EventDate "2005.11.06"]

1. e4 e6 2. d4 d5 3. Nc3 Bb4 4. e5 c5 5. a3 Ba5 6. Qg4 g6 7. Nf3 Nc6 8. Bb5 Bd7
9. Bd2 Qb6 10. dxc5 Qxc5 11. b4 Bxb4 12. axb4 Nxb4 13. Bxd7+ Kxd7 14. O-O Nxc2
15. Rac1 Rc8 16. Rxc2 Ne7 17. Rfc1 Nf5 18. Qa4+ Qc6 19. Nb5 Qa6 20. Rc7+ Rxc7
21. Rxc7+ Kd8 22. Bg5+ Ke8 23. Nd6+ Kf8 24. Qe8+ Kg7 25. Qxf7# 1-0

[Event "Østlandsserien 2005/2006, 4. div. B"]
[Site "Lillehammer, Oppland NOR"]
[Date "2005.11.06"]
[Round "1"]
[White "Kleiven, Stig Rune"]
[Black "Høva, Frode"]
[Result "1/2-1/2"]
[WhiteElo "1457"]
[BlackElo "1632"]
[PlyCount "34"]
[EventDate "2005.11.06"]
[WhiteTeam "Lillehammer 3"]
[BlackTeam "Follo 2"]

1. e4 c5 2. f4 d5 3. e5 Bf5 4. Nf3 Nc6 5. Be2 e6 6. O-O Nge7 7. c3 d4 8. cxd4
cxd4 9. d3 Nd5 10. a3 Be7 11. Ng5 Bxg5 12. fxg5 Nxe5 13. Qa4+ Nc6 14. h4 O-O
15. g4 Qd6 16. gxf5 Qg3+ 17. Kh1 Qh3+ 1/2-1/2

[Event "Østlandsserien 2005/2006, 4. div. B"]
[Site "Lillehammer, Oppland NOR"]
[Date "2005.11.06"]
[Round "1"]
[White "Hovland, Arne"]
[Black "Herregården, Magnus"]
[Result "1-0"]
[WhiteElo "1576"]
[BlackElo "1016"]
[PlyCount "105"]
[EventDate "2005.11.06"]
[WhiteTeam "Lillehammer 3"]
[BlackTeam "Follo 2"]

1. d4 d5 2. c4 c6 3. Nf3 Nf6 4. e3 Bg4 5. Nc3 e6 6. h3 Bh5 7. g4 Bg6 8. Qb3 Qc7
9. Bg2 Nbd7 10. cxd5 cxd5 11. Bd2 Bd6 12. Rc1 Qb6 13. Nb5 Rb8 14. O-O a6 15.
Nxd6+ Qxd6 16. Ba5 b6 17. Bb4 Nc5 18. dxc5 bxc5 19. Qa4+ Rb5 20. Bxc5 Qb8 21.
Nd4 h5 22. Nxb5 axb5 23. Qa7 Qxa7 24. Bxa7 Kd7 25. g5 Nh7 26. h4 Ra8 27. Bd4 f6
28. f4 Rxa2 29. Ra1 Ra4 30. Rxa4 bxa4 31. e4 Kd6 32. Ra1 Be8 33. exd5 exd5 34.
Bf3 fxg5 35. hxg5 g6 36. Bd1 Bd7 37. Bxa4 Bf5 38. Bg7 h4 39. Be8 h3 40. b4 d4
41. Bxd4 Nf8 42. Bc5+ Kd5 43. Bxf8 Ke4 44. Bd6 Kf3 45. Kh2 Kg4 46. b5 Be4 47.
b6 Bf3 48. Bd7+ Kh5 49. Re1 Bg4 50. Bxg4+ Kh4 51. Bd7 Kh5 52. Re8 Kh4 53. Rh8#
1-0

[Event "Østlandsserien 2005/2006, 4. div. B"]
[Site "Lillehammer, Oppland NOR"]
[Date "2005.11.06"]
[Round "1"]
[White "Aanstad, Sondre"]
[Black "Furnes, Torstein"]
[Result "1-0"]
[WhiteElo "891"]
[BlackElo "1484"]
[PlyCount "73"]
[EventDate "2005.11.06"]
[WhiteTeam "Lillehammer 3"]
[BlackTeam "Follo 2"]

1. c4 e5 2. Nf3 d6 3. Nc3 Nf6 4. g3 Be7 5. Bg2 O-O 6. O-O Nc6 7. b3 Bg4 8. Bb2
Qd7 9. Re1 h6 10. d4 Bxf3 11. Bxf3 Nxd4 12. Bxb7 Rab8 13. Bg2 c5 14. e3 Ne6 15.
Nd5 Nxd5 16. Qxd5 Nc7 17. Qd2 f5 18. Bxe5 Rbd8 19. Red1 Bf6 20. Bxf6 Rxf6 21.
Rab1 g5 22. b4 cxb4 23. Rxb4 a5 24. Rb7 Qc8 25. Qxa5 Rd7 26. Rdb1 Kg7 27. Qa4
Qd8 28. Rd1 f4 29. Qb4 f3 30. Bf1 g4 31. Qc3 Qc8 32. Ra7 h5 33. Qa5 Qd8 34. Rd4
Kf8 35. Re4 d5 36. cxd5 Nxd5 37. Ra8 1-0

[Event "Østlandsserien 2005/2006, 4. div. B"]
[Site "Ås, Akershus NOR"]
[Date "2005.12.04"]
[Round "2"]
[White "Omtvedt, Alexander"]
[Black "Lange, Holger"]
[Result "0-1"]
[WhiteElo "1508"]
[BlackElo "1696"]
[PlyCount "86"]
[EventDate "2005.11.06"]
[WhiteTeam "SK 1911 3"]
[BlackTeam "Follo 2"]

1. d4 Nf6 2. f4 d5 3. Nf3 c5 4. e3 Bg4 5. c3 e6 6. Bd3 Be7 7. O-O O-O 8. Qe1
Bxf3 9. Rxf3 Nc6 10. Nd2 Rc8 11. Rh3 g6 12. Qh4 Nh5 13. Qf2 f5 14. Be2 Ng7 15.
Qg3 cxd4 16. exd4 Rf7 17. Rh6 Ne8 18. Nf3 Rg7 19. Bd2 Nd6 20. h4 Nf7 21. Ng5
Nxh6 22. Nxe6 Bxh4 23. Qh3 Qe7 24. Nxg7 Qxe2 25. Qxh4 Kxg7 26. Qf2 Qxf2+ 27.
Kxf2 Ng4+ 28. Kf3 Re8 29. b3 Nf6 30. Be3 Re4 31. Rd1 b5 32. c4 a6 33. c5 Ng4
34. Bg1 Kf6 35. a4 Ke6 36. axb5 axb5 37. Ra1 Kd7 38. Rd1 h6 39. g3 Kc7 40. Rd2
Re1 41. Kg2 Kd7 42. Ra2 Rb1 43. Ra3 b4 0-1

[Event "Østlandsserien 2005/2006, 4. div. B"]
[Site "Ås, Akershus NOR"]
[Date "2005.12.04"]
[Round "2"]
[White "Lea, Per"]
[Black "Sørjordet, Anders"]
[Result "1/2-1/2"]
[WhiteElo "1645"]
[BlackElo "1389"]
[PlyCount "93"]
[EventDate "2005.11.06"]
[WhiteTeam "Follo 2"]
[BlackTeam "SK 1911 3"]

1. e4 c5 2. Nf3 Nc6 3. d4 cxd4 4. Nxd4 g6 5. Nc3 Bg7 6. Be3 Nf6 7. f3 O-O 8.
Qd2 a5 9. O-O-O a4 10. a3 Re8 11. g4 d6 12. h4 Ne5 13. Be2 Qa5 14. h5 Be6 15.
Nxe6 fxe6 16. hxg6 hxg6 17. Bh6 Bh8 18. Qg5 Kf7 19. f4 Nexg4 20. Bxg4 Qxg5 21.
Bxe6+ Kxe6 22. Bxg5 Ng4 23. Nd5 Rac8 24. Nxe7 Rxe7 25. Bxe7 Kxe7 26. Rh7+ Ke6
27. f5+ gxf5 28. exf5+ Kxf5 29. Rxb7 Be5 30. Rb5 Ke6 31. Rb4 Ne3 32. Rd2 Nc4
33. Re2 Kd5 34. c3 Ra8 35. Kc2 Ra7 36. Kd3 Rc7 37. Rxa4 Nb6 38. Rb4 Nd7 39. a4
Ra7 40. c4+ Ke6 41. b3 Nc5+ 42. Kc2 Rh7 43. Rb5 Rh1 44. a5 Ra1 45. b4 Ra2+ 46.
Kd1 Ra1+ 47. Kc2 1/2-1/2

[Event "Østlandsserien 2005/2006, 4. div. B"]
[Site "Ås, Akershus NOR"]
[Date "2005.12.04"]
[Round "2"]
[White "Fjellestad, Helge"]
[Black "Høva, Frode"]
[Result "0-1"]
[WhiteElo "1268"]
[BlackElo "1632"]
[PlyCount "54"]
[EventDate "2005.11.06"]
[WhiteTeam "SK 1911 3"]
[BlackTeam "Follo 2"]

1. e4 c5 2. c3 d6 3. d4 Nf6 4. dxc5 Nc6 5. Nd2 dxc5 6. Ngf3 Bg4 7. Be2 e6 8.
O-O Bd6 9. Re1 O-O 10. Qc2 Qc7 11. h3 Bh5 12. Nc4 Bf4 13. Be3 b5 14. Bxf4 Qxf4
15. Ncd2 c4 16. b3 Bxf3 17. Bxf3 Ne5 18. bxc4 bxc4 19. g3 Nxf3+ 20. Nxf3 Qxf3
21. Re3 Qh5 22. Kg2 Qc5 23. Rd1 Rad8 24. Rb1 Rd7 25. Rb4 Rfd8 26. Re2 Rd3 27.
Qb2 Qc6 {Tid} 0-1

[Event "Østlandsserien 2005/2006, 4. div. B"]
[Site "Ås, Akershus NOR"]
[Date "2005.12.04"]
[Round "2"]
[White "Hovland, Arne"]
[Black "Hansen, Harald"]
[Result "1-0"]
[WhiteElo "1576"]
[BlackElo "970"]
[PlyCount "105"]
[EventDate "2005.11.06"]
[WhiteTeam "Follo 2"]
[BlackTeam "SK 1911 3"]

1. d4 Nf6 2. c4 e5 3. dxe5 Ng4 4. Nf3 Nc6 5. Nc3 Ngxe5 6. Nxe5 Nxe5 7. e4 Bc5
8. Be2 O-O 9. O-O d6 10. Nd5 Be6 11. Kh1 c6 12. f4 Nxc4 13. Bxc4 cxd5 14. Bxd5
Bxd5 15. Qxd5 Qb6 16. Rb1 Qa6 17. Bd2 Rac8 18. Rf3 Qe2 19. Re1 Qa6 20. Rg3 Bf2
21. Ra3 Rc5 22. Qxc5 dxc5 23. Rxa6 Bxe1 24. Rd6 Bf2 25. Bc3 f6 26. g3 c4 27.
Kg2 Bb6 28. Rd7 Rf7 29. Rd5 Kf8 30. e5 fxe5 31. Rxe5 g6 32. Bb4+ Kg7 33. Re8
Rd7 34. Re4 Kf7 35. Rxc4 Rc7 36. Rxc7+ Bxc7 37. Kf3 Ke6 38. Ke4 Bd6 39. Be1 b6
40. g4 a5 41. h4 a4 42. f5+ Kf7 43. Bc3 b5 44. a3 Be7 45. h5 Bg5 46. fxg6+ hxg6
47. hxg6+ Kxg6 48. Kd5 Be7 49. Kc6 Kg5 50. Kxb5 Kxg4 51. Kxa4 Kf5 52. Kb5 Ke6
53. Kc6 1-0